| 000 | 00574nam a22001697a 4500 | ||
|---|---|---|---|
| 003 | OSt | ||
| 005 | 20250728072942.0 | ||
| 008 | 250728b |||||||| |||| 00| 0 eng d | ||
| 020 | _a978-971-95940-7-9 | ||
| 040 |
_aDWC-Main Lib _cOC |
||
| 082 | _aFil. 657.044 G216i 2023 | ||
| 100 | _aGarcia, Vhinson Jay | ||
| 245 |
_aIntermediate accounting 1 part 2 : _bbased on PFRSs, PASs, and Philippine/ _cVhinson Jay Garcia |
||
| 260 |
_aManila, Philippines : _bReal Excellence Publishing, _cc2023. |
||
| 300 |
_a456 pages: _billustrations ; _c23cm. |
||
| 942 |
_2ddc _cBK - FIL _kFil. _n0 |
||
| 999 |
_c3849 _d3849 |
||